[Event "SUI-chT"]
[White "Brunner, Nicolas"]
[Black "Muheim, Sebastian"]
[Site "Switzerland"]
[Round "1.5"]
[Result "1-0"]
[Date "2016.03.20"]
[WhiteElo "2442"]
[BlackElo "2153"]
[PlyCount "75"]
[EventDate "2016.03.20"]
[EventType "team-tourn"]
[EventRounds "9"]
[EventCountry "SUI"]
[SourceTitle "CBM 171 Extra"]
[Source "ChessBase"]
[SourceDate "2016.04.26"]
[SourceVersion "1"]
[SourceVersionDate "2016.04.26"]
[SourceQuality "1"]
[WhiteTeam "Riehen"]
[BlackTeam "Solothurn"]
[WhiteTeamCountry "SUI"]
[BlackTeamCountry "SUI"]

1. d4 Nf6 2. c4 e6 3. Nc3 Bb4 4. Nf3 d5 5. cxd5 exd5 6. Bg5 h6 7. Bh4 g5 8. Bg3 Ne4 9. Nd2 Nxg3 10. hxg3 Nc6 11. e3 Bf5 12. Qb3 Bxc3 13. Qxc3 Qd6 14. Rc1 h5 15. Bb5 Bd7 16. Nb3 a6 17. Be2 h4 18. Nc5 Rb8 19. b4 Ne7 20. e4 c6 21. e5 Qg6 22. g4 Be6 23. Rh3 Qg7 24. Qe3 b6 25. Nxa6 Rc8 26. b5 0-0 27. g3 hxg3 28. fxg3 cxb5 29. Nc7 Ng6 30. Qxg5 f6 31. Qh6 Rxc7 32. Rxc7 Qxc7 33. Qxg6+ Qg7 34. Rh6 Qxg6 35. Rxg6+ Kf7 36. Rxf6+ Ke7 37. Rxf8 Kxf8 38. Kd2 1-0

[Event "Verbandsliga Sued Baden 1112"]
[White "Haag, Gregor"]
[Black "Muheim, Sebastian"]
[Site "Germany"]
[Round "9.6"]
[Result "1-0"]
[Date "2012.04.29"]
[WhiteElo "2091"]
[BlackElo "2180"]
[PlyCount "49"]
[EventDate "2011.10.09"]
[EventType "team-tourn"]
[EventRounds "9"]
[EventCountry "GER"]
[SourceTitle "EXT 2013"]
[Source "ChessBase"]
[SourceDate "2012.11.22"]
[SourceVersion "1"]
[SourceVersionDate "2012.11.22"]
[SourceQuality "1"]
[WhiteTeam "Brombach"]
[BlackTeam "Zaehringen"]
[WhiteTeamCountry "GER"]
[BlackTeamCountry "GER"]

1. Nf3 d6 2. d4 f5 3. c4 Nf6 4. g3 g6 5. Bg2 Bg7 6. Nc3 0-0 7. 0-0 Nc6 8. d5 Na5 9. Qd3 c5 10. b3 a6 11. Bb2 Rb8 12. Rab1 b5 13. cxb5 axb5 14. Nxb5 Ba6 15. a4 Bxb5 16. axb5 Qb6 17. b4 cxb4 18. Nd4 Rb7 19. Ba1 b3 20. Bc3 Rc8 21. Nc6 Nxc6 22. dxc6 Rbb8 23. Rxb3 Ne8 24. Qc4+ Kh8 25. Qf7 1-0

[Event "Verbandsliga Sued Baden 1011"]
[White "Gruenberger, Mosko"]
[Black "Muheim, Sebastian"]
[Site "Baden"]
[Round "3.6"]
[Result "0-1"]
[Date "2010.11.21"]
[WhiteElo "2058"]
[BlackElo "2141"]
[PlyCount "70"]
[EventDate "2010.10.17"]
[EventType "team-tourn"]
[EventRounds "9"]
[EventCountry "GER"]
[SourceTitle "EXT 2012"]
[Source "ChessBase"]
[SourceDate "2011.11.24"]
[SourceVersion "1"]
[SourceVersionDate "2011.11.24"]
[SourceQuality "1"]
[WhiteTeam "Dreilaendereck"]
[BlackTeam "Zaehringen"]
[WhiteTeamCountry "GER"]
[BlackTeamCountry "GER"]

1. e4 c5 2. Nf3 d6 3. d4 cxd4 4. Nxd4 Nf6 5. Nc3 a6 6. Bg5 Nbd7 7. f4 g6 8. Qf3 Bg7 9. 0-0-0 h6 10. Bh4 e5 11. Nb3 exf4 12. Rxd6 Qe7 13. Qd1 0-0 14. Be2 g5 15. Bf2 Nxe4 16. Nxe4 Qxe4 17. Bf3 Qe5 18. c3 Nf6 19. Re1 Qf5 20. Re7 g4 21. Bd5 Qg5 22. Bc5 Bf5 23. Bxb7 Rae8 24. Rxa6 f3+ 25. Qd2 f2 26. Bxf2 Rxe7 27. Qxg5 hxg5 28. Nd4 Bg6 29. Bc6 Ne4 30. Bxe4 Bxe4 31. Bg3 Bxd4 32. cxd4 Rc8+ 33. Kd1 Rd8 34. Ra4 Bxg2 35. Kd2 f5 0-1

[Event "Biel MTO op 43rd"]
[White "Mikhalevski, Victor"]
[Black "Muheim, Sebastian"]
[Site "Biel"]
[Round "1"]
[Result "1-0"]
[Date "2010.07.19"]
[WhiteElo "2610"]
[BlackElo "2160"]
[PlyCount "69"]
[EventDate "2010.07.19"]
[EventType "swiss"]
[EventRounds "11"]
[EventCountry "SUI"]
[SourceTitle "CBM 137 Extra"]
[Source "ChessBase"]
[SourceDate "2010.09.01"]
[SourceVersion "1"]
[SourceVersionDate "2010.09.01"]
[SourceQuality "1"]

1. d4 Nf6 2. c4 e6 3. g3 Bb4+ 4. Bd2 Qe7 5. Nf3 0-0 6. Nc3 d6 7. a3 Bxc3 8. Bxc3 Ne4 9. Qc2 Nxc3 10. Qxc3 Nd7 11. Bg2 e5 12. 0-0 Re8 13. e4 Nf6 14. Rfe1 Bg4 15. Nd2 c5 16. d5 Nh5 17. b4 b6 18. Rab1 cxb4 19. axb4 Rec8 20. f4 exf4 21. e5 fxg3 22. hxg3 f5 23. Rb3 f4 24. Qd4 Nxg3 25. Rxg3 fxg3 26. Qxg4 dxe5 27. Qe6+ Qxe6 28. dxe6 Rab8 29. Rxe5 a5 30. e7 Kf7 31. Bd5+ Kf6 32. Re6+ Kf5 33. Ne4 axb4 34. Nd6+ Kg4 35. Nxc8 1-0

[Event "Uxbridge A2Bmedialtd.com-D"]
[White "Muheim, Sebastian"]
[Black "Hughes, Roy"]
[Site "Uxbridge"]
[Round "5"]
[Result "1-0"]
[Date "2009.08.14"]
[WhiteElo "2035"]
[BlackElo "2021"]
[PlyCount "69"]
[EventDate "2009.08.12"]
[EventType "tourn"]
[EventRounds "9"]
[EventCountry "ENG"]
[SourceTitle "EXT 2012"]
[Source "ChessBase"]
[SourceDate "2011.11.24"]
[SourceVersion "1"]
[SourceVersionDate "2011.11.24"]
[SourceQuality "1"]

1. d4 Nf6 2. c4 e6 3. Nc3 Bb4 4. a3 Bxc3+ 5. bxc3 d6 6. f3 Nbd7 7. e4 b6 8. Bd3 Bb7 9. Ne2 0-0 10. 0-0 Re8 11. Bg5 h6 12. Bh4 e5 13. Qd2 Nf8 14. f4 exf4 15. Bxf6 Qxf6 16. Rxf4 Qg6 17. Raf1 f6 18. Ng3 Qf7 19. Nf5 Ne6 20. Rg4 Ng5 21. h4 Qh5 22. Qe2 Bc8 23. hxg5 hxg5 24. Rg3 Qxe2 25. Bxe2 Bb7 26. Bh5 Re6 27. Re3 Rd8 28. d5 Re5 29. Nd4 a5 30. Bg4 Re7 31. Be6+ Kh7 32. Rh3+ Kg6 33. Bf5+ Kf7 34. Ne6 Rg8 35. Nxg5+ 1-0

[Event "EU-ch U16 18th"]
[White "Muheim, Sebastian"]
[Black "Yilmazyerli, Mert"]
[Site "Herceg Novi"]
[Round "7"]
[Result "0-1"]
[Date "2008.09.22"]
[WhiteElo "2104"]
[BlackElo "2207"]
[PlyCount "82"]
[EventDate "2008.09.15"]
[EventType "swiss"]
[EventRounds "9"]
[EventCountry "MNE"]
[SourceTitle "CBM 126 Extra"]
[Source "ChessBase"]
[SourceDate "2008.11.05"]
[SourceVersion "1"]
[SourceVersionDate "2008.11.05"]
[SourceQuality "1"]

1. e4 g6 2. d4 Bg7 3. Nc3 c5 4. d5 d6 5. f4 Nf6 6. Nf3 0-0 7. Be2 e6 8. 0-0 exd5 9. e5 Nfd7 10. Qxd5 dxe5 11. fxe5 Nxe5 12. Nxe5 Qxd5 13. Nxd5 Bxe5 14. Bh6 Re8 15. Bc4 Be6 16. Rae1 Nc6 17. Rxe5 Nxe5 18. Nf6+ Kh8 19. Nxe8 Bxc4 20. Bg7+ Kg8 21. Bxe5 Rxe8 22. Re1 Bxa2 23. Bc3 Rxe1+ 24. Bxe1 Kf8 25. Kf2 Bd5 26. g3 Ke7 27. Ke3 Ke6 28. Kf4 f6 29. h4 b6 30. Bd2 Ba2 31. g4 h6 32. Ke4 Bd5+ 33. Kf4 a5 34. Bc3 a4 35. Bd2 Bh1 36. Be3 g5+ 37. Kg3 Be4 38. c3 Kd5 39. hxg5 hxg5 40. Kf2 Kc4 41. Ke2 Kb3 0-1

[Event "Lenk op 20th"]
[White "Muheim, Sebastian"]
[Black "Rindlisbacher, Jan"]
[Site "Lenk"]
[Round "4"]
[Result "1-0"]
[Date "2008.03.22"]
[WhiteElo "2055"]
[BlackElo "1919"]
[PlyCount "41"]
[EventDate "2008.03.20"]
[EventType "swiss"]
[EventRounds "7"]
[EventCountry "SUI"]
[SourceTitle "CBM 123 Extra"]
[Source "ChessBase"]
[SourceDate "2008.05.06"]
[SourceVersion "1"]
[SourceVersionDate "2008.05.06"]
[SourceQuality "1"]

1. e4 e5 2. Nf3 Nc6 3. Bb5 a6 4. Bxc6 dxc6 5. 0-0 Qd6 6. Na3 Be6 7. Qe2 f6 8. d4 exd4 9. Rd1 Bg4 10. c3 c5 11. h3 Bxf3 12. Qxf3 Qe6 13. cxd4 cxd4 14. Bf4 Bd6 15. Bxd6 cxd6 16. Rxd4 Nh6 17. Rad1 Nf7 18. Nc4 Rd8 19. Qb3 Qe7 20. Ne3 b5 21. Nd5 1-0

[Event "SUI-ch U14"]
[White "Grandadam, Nicolas"]
[Black "Muheim, Sebastian"]
[Site "Winterthur"]
[Round "7"]
[Result "1/2-1/2"]
[Date "2007.10.08"]
[WhiteElo "2048"]
[BlackElo "1918"]
[PlyCount "83"]
[EventDate "2007.10.05"]
[EventType "swiss"]
[EventRounds "7"]
[EventCountry "SUI"]
[SourceTitle "EXT 2009"]
[Source "ChessBase"]
[SourceDate "2008.11.26"]
[SourceVersion "1"]
[SourceVersionDate "2008.11.26"]
[SourceQuality "1"]

1. d4 Nf6 2. c4 Nc6 3. Nf3 e6 4. g3 Bb4+ 5. Bd2 Bxd2+ 6. Nbxd2 0-0 7. Bg2 d6 8. 0-0 Qe7 9. e4 e5 10. d5 Nb8 11. Ne1 a5 12. Nd3 Na6 13. a3 Nd7 14. f4 Nac5 15. Nxc5 Nxc5 16. b4 Nd7 17. f5 g6 18. Nf3 Nf6 19. fxg6 hxg6 20. Qd3 Kg7 21. Rac1 Rh8 22. Ng5 Rf8 23. h4 Nh5 24. Bh3 Bxh3 25. Nxh3 Qd7 26. Ng5 Qg4 27. Rc3 axb4 28. axb4 Nf4 29. Qf3 Nh3+ 30. Nxh3 Qxh3 31. Qf6+ Kg8 32. Rcf3 Ra2 33. Qxg6+ Kh8 34. Qh6+ Kg8 35. Qg5+ Kh8 36. R3f2 Ra3 37. Qh6+ Kg8 38. Qg6+ Kh8 39. Qh6+ Kg8 40. Qg6+ Kh8 41. Qf6+ Kg8 42. Qg6+ 1/2-1/2

[Event "SUI-ch U14"]
[White "Gaehwiler, Gabriel"]
[Black "Muheim, Sebastian"]
[Site "Winterthur"]
[Round "3"]
[Result "1-0"]
[Date "2007.10.06"]
[WhiteElo "2027"]
[BlackElo "1918"]
[PlyCount "83"]
[EventDate "2007.10.05"]
[EventType "swiss"]
[EventRounds "7"]
[EventCountry "SUI"]
[SourceTitle "EXT 2009"]
[Source "ChessBase"]
[SourceDate "2008.11.26"]
[SourceVersion "1"]
[SourceVersionDate "2008.11.26"]
[SourceQuality "1"]

1. e4 c5 2. Nf3 d6 3. d4 cxd4 4. Nxd4 Nf6 5. Nc3 a6 6. Be3 e6 7. Be2 Be7 8. 0-0 0-0 9. Kh1 Nc6 10. a4 Qc7 11. f4 Bd7 12. Nb3 Na5 13. e5 Ne8 14. Nxa5 Qxa5 15. Qd2 Bc6 16. b4 Qc7 17. b5 Bd7 18. b6 Qc8 19. a5 dxe5 20. fxe5 Bb4 21. Bd4 Bb5 22. Bxb5 axb5 23. Qe3 Qc4 24. Qd3 Rd8 25. Qxc4 bxc4 26. Ne2 f6 27. c3 fxe5 28. Rxf8+ Kxf8 29. Bxe5 Bc5 30. a6 bxa6 31. b7 Nd6 32. Nd4 Re8 33. Nxe6+ Rxe6 34. b8Q+ Re8 35. Bxd6+ Bxd6 36. Rf1+ Ke7 37. Re1+ Kd7 38. Qxe8+ Kc7 39. Re4 a5 40. Rxc4+ Kb6 41. Qc6+ Ka7 42. Rd4 1-0

[Event "EU-ch U16 17th"]
[White "Ben, Tomer"]
[Black "Muheim, Sebastian"]
[Site "Sibenik"]
[Round "6"]
[Result "1/2-1/2"]
[Date "2007.09.19"]
[WhiteElo "1966"]
[BlackElo "2005"]
[PlyCount "92"]
[EventDate "2007.09.14"]
[EventType "swiss"]
[EventRounds "9"]
[EventCountry "CRO"]
[SourceTitle "CBM 120 Extra"]
[Source "ChessBase"]
[SourceDate "2007.11.01"]
[SourceVersion "1"]
[SourceVersionDate "2007.11.01"]
[SourceQuality "1"]

1. e4 e5 2. Nf3 Nf6 3. Nxe5 d6 4. Nf3 Nxe4 5. d4 d5 6. Bd3 Be7 7. 0-0 Nc6 8. c4 Nb4 9. Be2 0-0 10. Re1 Bf5 11. a3 Nc6 12. Nc3 Nxc3 13. bxc3 Bf6 14. Bf4 Rc8 15. Bd3 Bxd3 16. Qxd3 Na5 17. cxd5 Qxd5 18. Be5 Bxe5 19. Nxe5 c5 20. Qb5 b6 21. Rad1 Qb3 22. Qd7 Rcd8 23. Qxa7 Qxc3 24. Qxb6 Rxd4 25. Rc1 Re4 26. Red1 Qxe5 27. Qxa5 Re8 28. h3 h6 29. Rxc5 Re1+ 30. Rxe1 Qxe1+ 31. Qxe1 Rxe1+ 32. Kh2 Ra1 33. Rc8+ Kh7 34. Ra8 g6 35. a4 Ra3 36. a5 Kg7 37. a6 Kh7 38. g3 Kg7 39. Kg2 Kh7 40. Kf1 Ra2 41. Kg2 Ra3 42. g4 Kg7 43. f3 Kh7 44. Kg3 Ra4 45. f4 Ra3+ 46. Kh4 Kg7 1/2-1/2

[Event "EU-ch U16 17th"]
[White "Veszpremi, Andras"]
[Black "Muheim, Sebastian"]
[Site "Sibenik"]
[Round "4"]
[Result "1/2-1/2"]
[Date "2007.09.17"]
[WhiteElo "2150"]
[BlackElo "2005"]
[PlyCount "113"]
[EventDate "2007.09.14"]
[EventType "swiss"]
[EventRounds "9"]
[EventCountry "CRO"]
[SourceTitle "CBM 120 Extra"]
[Source "ChessBase"]
[SourceDate "2007.11.01"]
[SourceVersion "1"]
[SourceVersionDate "2007.11.01"]
[SourceQuality "1"]

1. e4 e5 2. Nf3 Nf6 3. Nc3 Bb4 4. Bc4 d6 5. 0-0 Bxc3 6. dxc3 h6 7. Re1 0-0 8. h3 Nbd7 9. Bd3 Nc5 10. Qe2 b6 11. b4 Ne6 12. Nh4 Re8 13. Nf5 Nf4 14. Bxf4 Bxf5 15. exf5 exf4 16. Qf3 Qd7 17. Qxf4 Rxe1+ 18. Rxe1 Re8 19. Rxe8+ Qxe8 20. Qd2 Qe5 21. a4 a5 22. f4 Qd5 23. Qe3 axb4 24. cxb4 Qa2 25. g4 Qa1+ 26. Kh2 Qxa4 27. g5 Qe8 28. Qxe8+ Nxe8 29. Bb5 Kf8 30. f6 gxf6 31. gxh6 c6 32. Bxc6 Nc7 33. f5 Kg8 34. Kg3 Kh7 35. b5 Kxh6 36. Kg4 Kg7 37. c4 Kh6 38. h4 Kg7 39. Kf4 Kh6 40. Bf3 Kh7 41. Ke3 Kg7 42. Kd3 Kh7 43. Bh5 Kg7 44. Kd4 Kg8 45. Bf3 Kg7 46. Bd5 Kg8 47. h5 Kg7 48. Ke4 Kg8 49. h6 Kh7 50. Bxf7 Kxh6 51. Kf4 Kg7 52. Bh5 Na8 53. Bf3 Nc7 54. Bc6 Kh7 55. Kg4 Kh6 56. Kh4 Kg7 57. Kh5 1/2-1/2

[Event "EU-ch U16 17th"]
[White "Muheim, Sebastian"]
[Black "Stocko, Josip"]
[Site "Sibenik"]
[Round "3"]
[Result "1-0"]
[Date "2007.09.16"]
[WhiteElo "2005"]
[BlackElo "1874"]
[PlyCount "87"]
[EventDate "2007.09.14"]
[EventType "swiss"]
[EventRounds "9"]
[EventCountry "CRO"]
[SourceTitle "CBM 120 Extra"]
[Source "ChessBase"]
[SourceDate "2007.11.01"]
[SourceVersion "1"]
[SourceVersionDate "2007.11.01"]
[SourceQuality "1"]

1. e4 c5 2. Nf3 e6 3. c3 Nc6 4. d4 cxd4 5. cxd4 Nf6 6. e5 Nd5 7. Bc4 Nb6 8. Bd3 d6 9. 0-0 dxe5 10. dxe5 Nb4 11. Be4 Qxd1 12. Rxd1 Rb8 13. Nc3 Bd7 14. Be3 Bc6 15. Bxc6+ bxc6 16. Ne4 Nc2 17. Rac1 Nxe3 18. fxe3 c5 19. Nxc5 Bxc5 20. Rxc5 Na4 21. Rc2 0-0 22. b3 Nb6 23. e4 Rfd8 24. Rxd8+ Rxd8 25. Rc7 Rd7 26. Rxd7 Nxd7 27. Kf2 Kf8 28. Ke3 Ke7 29. Kd4 f6 30. a4 Nb6 31. exf6+ gxf6 32. Kc5 Kd7 33. a5 Nc8 34. e5 f5 35. b4 h6 36. b5 Kc7 37. Nd4 Kd7 38. b6 axb6+ 39. axb6 Ne7 40. b7 Kc7 41. b8Q+ Kxb8 42. Nc6+ Nxc6 43. Kxc6 h5 44. h4 1-0

[Event "SUI-ch op"]
[White "Muheim, Sebastian"]
[Black "Kriste, Vincent"]
[Site "Leukerbad"]
[Round "4"]
[Result "1/2-1/2"]
[Date "2007.07.15"]
[WhiteElo "2005"]
[BlackElo "2229"]
[PlyCount "48"]
[EventDate "2007.07.12"]
[EventType "swiss"]
[EventRounds "9"]
[EventCountry "SUI"]
[SourceTitle "CBM 119 Extra"]
[Source "ChessBase"]
[SourceDate "2007.09.04"]
[SourceVersion "1"]
[SourceVersionDate "2007.09.04"]
[SourceQuality "1"]

1. e4 c5 2. Nf3 d6 3. Bb5+ Bd7 4. Bxd7+ Qxd7 5. 0-0 Nf6 6. Re1 Nc6 7. c3 e6 8. d4 cxd4 9. cxd4 d5 10. e5 Ne4 11. Nbd2 Nxd2 12. Bxd2 Be7 13. Bg5 Rc8 14. Rc1 0-0 15. Bxe7 Nxe7 16. Re3 Rc4 17. Rec3 Rfc8 18. Qb3 b5 19. Nd2 Rxc3 20. Rxc3 a6 21. h3 h6 22. a3 Rc6 23. Qb4 Rxc3 24. bxc3 Nc6 1/2-1/2

[Event "Wch U14"]
[White "Kukla, Maciej"]
[Black "Muheim, Sebastian"]
[Site "Belfort"]
[Round "3"]
[Result "1/2-1/2"]
[Date "2005.07.21"]
[WhiteElo "1969"]
[BlackElo "2064"]
[PlyCount "51"]
[EventDate "2005.07.??"]
[EventType "swiss"]
[EventRounds "11"]
[EventCountry "FRA"]
[SourceTitle "CBM 107 Extra"]
[Source "ChessBase"]
[SourceDate "2005.09.01"]
[SourceVersion "1"]
[SourceVersionDate "2005.09.01"]
[SourceQuality "1"]

1. e4 Nf6 2. e5 Nd5 3. d4 d6 4. c4 Nb6 5. f4 dxe5 6. fxe5 Nc6 7. Be3 Bf5 8. Nc3 e6 9. Be2 Be7 10. Nf3 0-0 11. 0-0 f6 12. Nh4 fxe5 13. Nxf5 Rxf5 14. d5 Rxf1+ 15. Qxf1 exd5 16. cxd5 Nd4 17. Rc1 Bg5 18. Qf2 Qe7 19. Rf1 Bxe3 20. Qxe3 Nxe2+ 21. Qxe2 Qc5+ 22. Kh1 Rf8 23. Rxf8+ Qxf8 24. g3 Qd6 25. Qh5 Qe7 26. Kg2 1/2-1/2